[Event "POL-ch 63rd"]
[Site "Krakow"]
[Date "2006.03.05"]
[Round "9"]
[White "Markowski, Tomasz"]
[Black "Dziuba, Marcin"]
[Result "0-1"]
[WhiteElo "2565"]
[BlackElo "2491"]
[Annotator "Marin,M"]
[PlyCount "172"]
[EventDate "2006.02.25"]
[EventType "tourn"]
[EventRounds "13"]
[EventCountry "POL"]
[EventCategory "12"]
[SourceTitle "CBM 112"]
[Source "ChessBase"]
[SourceDate "2006.06.07"]
[SourceVersion "1"]
[SourceVersionDate "2006.06.07"]
[SourceQuality "1"]

1. g3 d5 2. Nf3 Nf6 3. Bg2 c6 4. O-O Bg4 5. d3 e6 6. c4 Bd6 {This is not a
very common reply after the opening of the d1-b3 diagonal.} (6... Nbd7 7. Qb3
$140 $6 Nc5) 7. Qb3 Qc7 (7... Qb6 8. Be3 (8. Nc3 O-O 9. Qc2 $5 {[%csl Gb6]
[%cal Yc1e3]}) 8... Qxb3 9. axb3 Na6 10. Nc3 O-O 11. Ra5 (11. h3 $5 Bh5 $140
12. Ra5 Rfd8 13. g4 Bg6 14. Rfa1 $14) 11... Rfd8 12. Bg5 (12. Rfa1 $2 Bxf3 13.
Bxf3 Bc7 14. R5a4 d4 $17) 12... h6 13. Bf4 Bb4 14. Ra4 Nd7 $132 {1/2-1/2
Summerscale,A (2410)-Berg,K (2440)/Richmond 1994/EXT 2001 (24)}) 8. Be3 (8. Nc3
Nbd7 9. Be3 O-O 10. Rac1 dxc4 (10... Bxf3 11. Bxf3 dxc4 12. dxc4 $1) 11. Qxc4
Bxf3 12. exf3 $1 Ne5 (12... e5 13. Nb5 $1) 13. Qd4 c5 14. Qh4 a6 {1-0 Kveinys,
A (2496)-Cmilyte,V (2329)/Vilnius 2000/CBM 075 ext (33)} 15. d4 $14 {^^}) 8...
Nbd7 9. cxd5 $5 (9. Nc3 {would transpose to the game Kveinys-Cmilyte above.})
9... exd5 10. Nc3 O-O $146 (10... Nc5 11. Qd1 Ne6 12. Rc1 Qe7 13. Re1 O-O 14.
a3 Qd8 {[%cal Yg4f3,Yd5d4] 1/2-1/2 Vidarte Morales,A (2350)-Oms Pallise,J 
(2340)/Foment 1995/EXT 97 (62)} 15. Nd4 $5 {[%cal Yb2b4]}) (10... Ne5 $6 11.
Rac1 Qd7 (11... Nxf3+ 12. exf3 Be6 13. Nb5 $16) (11... Bxf3 12. Nb5 $1 $16) 12.
Nxe5 Bxe5 {1-0 Dozsa,P-Wright,I (2130)/Canberra 2001/EXT 2002 (46)} 13. Bc5 $5
$14 {[%csl Ge8]}) 11. Rac1 a6 12. Rfe1 {[%csl Ye2] Preventively covering the
e2-pawn. In the next phase of the game, White will aim to take over the
control of the d4- and c5-squares, in order to prepare the thematical
minority's attack. To acertain extent, the position is similar to that from
the game Markowski-Bobras from this same issue of the CBM.} Rfe8 13. Bd4 Rad8
14. Na4 Qb8 15. Nc5 Nxc5 16. Bxc5 Bxc5 17. Rxc5 {[%cal Yf3d4]} Bxf3 $5 {
After this exchange, White's influence over the central dark squares is
somewhat reduced.} 18. Bxf3 Nd7 19. Rcc1 Ne5 20. Bg2 Re6 21. Qb6 h5 22. Qd4 Rh6
23. h3 h4 24. g4 $14 {[%cal Yb2b4,Ya2a4] /= Objectively speaking the position
might be just equal, but from practical point of view White's position seems
easier to play.} Rg6 25. b4 Qd6 26. e3 Re8 27. f4 Nd7 28. Rf1 Rge6 29. Rf3 Nf8
30. g5 R6e7 31. Rcf1 Ne6 32. Qb2 Nc7 33. Qd2 Ne6 34. Rb1 g6 35. Rf2 Ng7 36. Re1
Rd8 37. Bf3 Nf5 38. Bg4 Ng3 39. Qb2 b6 40. Qd4 c5 41. bxc5 bxc5 42. Qf6 Qc7 43.
Qxa6 Rde8 44. Kg2 c4 45. e4 dxe4 46. Qxc4 Qa5 47. Re3 Qb6 48. Qc1 exd3 49. Rxd3
Re1 50. Qb2 Qc6+ 51. Bf3 Qe6 52. Bd5 Qf5 53. Qf6 Qxf6 54. gxf6 Nh5 55. a4 Ra1
56. Rd4 Ree1 57. Bf3 Nxf6 58. Rfd2 Re3 59. Re2 Rea3 60. Bc6 Kg7 61. Kh2 Nh5 62.
Rf2 Ng3 63. Kg2 Nf5 64. Rd7 Rc3 65. Bb5 Raa3 66. Rfd2 Rg3+ 67. Kf2 Rxh3 68.
R7d3 Rh2+ 69. Kg1 Rxd3 70. Rxd3 Ra2 71. Be8 Ng3 72. Rf3 f6 73. Rf2 Ra3 74. Kh2
Kh6 75. Bc6 g5 76. fxg5+ fxg5 77. Rf3 Ra1 78. Rf6+ Kg7 79. Rf2 Nh5 80. Bd7 Nf6
81. Rd2 Nxd7 82. Rxd7+ Kg6 83. Rd4 Kh5 84. Rb4 Ra3 85. Rc4 Ra2+ 86. Kg1 h3 0-1

[Event "Dortmund SuperGM 41st"]
[Site "Dortmund"]
[Date "2013.07.29"]
[Round "4"]
[White "Wang, Hao"]
[Black "Caruana, Fabiano"]
[Result "1-0"]
[WhiteElo "2752"]
[BlackElo "2796"]
[Annotator "Marin,M"]
[PlyCount "77"]
[EventDate "2013.07.26"]
[EventType "tourn"]
[EventRounds "9"]
[EventCountry "GER"]
[EventCategory "19"]
[SourceTitle "CBM 156"]
[Source "ChessBase"]
[SourceDate "2013.09.17"]
[SourceVersion "1"]
[SourceVersionDate "2013.09.17"]
[SourceQuality "1"]

1. Nf3 {Sumets,A} Nf6 2. g3 d5 3. Bg2 c6 4. O-O Bg4 5. c4 e6 6. d3 dxc4 {
Sumets,A: 'Probably the most solid option. Black also has played 6...Nd7 and 6.
..Be7.'} (6... Nbd7 {Sumets,A} 7. cxd5 exd5 8. h3 Bh5 9. Nc3 Bc5 10. Qb3 b5 11.
e4 dxe4 12. dxe4 Bxf3 13. Bxf3 Ne5 $6 (13... O-O 14. Bg2 Qe7 15. Kh2 Rfe8) 14.
Be2 O-O 15. Kg2 Ned7 16. Bg5 (16. f4 $5 b4 17. Na4 Nxe4 18. Bf3 Re8 19. Qc2 Qe7
20. Rd1 $44) 16... Bd4 17. Rad1 Qb6 $11 {Dizdarevic,E (2475)-Eljanov,P (2761)
Khanty-Mansiysk 2010 1/2 (37)}) (6... Be7 {Sumets,A} 7. Qb3 (7. Be3 Bxf3 8.
Bxf3 d4 9. Bd2 (9. Bf4 Nbd7 10. e4 e5 11. Bc1 h5 $1 12. Nd2 h4 13. Be2 Nc5 14.
b4 Ne6 15. c5 $2 (15. Rb1 hxg3 16. fxg3 Qc7 $13) 15... hxg3 16. fxg3 a5 17. Nc4
$6 axb4 18. Nxe5 Qc7 19. Nxf7 Kxf7 20. Qb3 Bxc5 21. Bg4 Rae8 22. Bf4 Qd7 23.
Bg5 Kg6 $19 24. Bxf6 gxf6 25. e5 fxe5 26. Qc2 Qd5 27. Bf3 e4 28. Bxe4+ Qxe4 29.
Rae1 Qd5 {0-1 (29) Loginov,V (2499)-Grischuk,A (2667) Tomsk 2001}) 9... Nbd7
10. b4 h5 11. h3 Qc7 12. Bg2 Ne5 13. Qc1 Ng6 14. Na3 Rd8 15. Nc2 h4 16. g4 e5
17. Qa3 O-O $11 {Pelletier,Y (2595)-Matamoros Franco,C (2548) Istanbul Chess
Olimpiad 2012 1-0 (49)}) 7... Qb6 8. Qc2 Nbd7 9. Be3 Bc5 10. Bxc5 Qxc5 11. Nbd2
a5 12. Rfc1 O-O 13. cxd5 Qxc2 14. Rxc2 exd5 15. h3 Bxf3 16. Nxf3 Rfe8 $11 {
Meier,G (2638) -Grachev,B (2667) Lublin 2010 1/2 (30)}) 7. dxc4 Nbd7 {Wang Hao
already had a recent game with this slightly uncommon structure, see below.} 8.
Nc3 Qc7 {With the exception of one game which ended ina draw one move later,
this seems to be a novelty. However, I would rather refrain from attaching the
"N" sign to it, since this is a very transpositional line. For instance, I
found two games which had escaped my attention when annotating the previous
game for CBM 155.} (8... Be7 9. Nh4 (9. h3 {Sumets,A} Bxf3 10. exf3 $5 Nc5 11.
Be3 Qd3 12. Ne4 Nfxe4 13. fxe4 Qxc4 $6 (13... O-O 14. Qc1 Rfd8 15. Bf3 Qd6 $11)
14. Rc1 Qb5 15. Qd4 O-O 16. Rxc5 Bxc5 17. Qxc5 Qxb2 18. a4 $16 {Hauchard,A 
(2518) -Dutreeuw,M (2375) Belgium 2001 1-0 (60)}) 9... O-O 10. h3 Bh5 {would
transpose to the aforementioned Wang Hao (2743)-Aronian,L (2813)/Sandnes 2013/
CBM 155 [Marin] (1/2, 37)}) ({Even more than the game move, this looks like an
early committment.} 8... Qa5 9. Be3 Be7 10. Qb3 Qc7 {Now Black can really say
he has lost a tempo.} (10... Qa6) (10... Nb6) 11. h3 Bh5 12. Bf4 {But now,
White gives it back.} (12. Rad1) (12. Nh4) 12... e5 13. Be3 Nc5 14. Qc2 a5 $6 (
14... Bg6 15. Qc1 a5 {would have gained time with respect to the game, maybe
two whole tempi!}) 15. Nh4 Bg6 16. Nxg6 hxg6 17. Rad1 O-O 18. Na4 Nfd7 19. Nxc5
Nxc5 20. Rd2 $14 {[%csl Ge3,Gg2] Markowski,T (2548)-Ermeni,A (2245)/Biel 2001/
CBM 083 ext (1-0, 46)}) (8... Bxf3 9. exf3 $5 {Since the d4-square is not
important, this may be the best way to ensure a long term space advantage on
the kingside.} Be7 10. Qe2 O-O 11. Rd1 a5 12. Na4 Qb8 13. Bf4 Qa7 14. Be3 Qb8
15. f4 Re8 16. g4 $16 {Danielsen,H (2533)-Milliet,S (2369)/Reykjavik 2011/CBM
141 Extra (1-0, 37)}) 9. h3 Bh5 10. Nh4 Be7 (10... O-O-O {Sumets,A All engines
recommend it but for human player it seems to be risky. White can easily
prepare b4,b5}) (10... Bc5 {Sumets,A} 11. Bf4 e5 12. Bg5 O-O-O 13. Qc2 Kb8 (
13... h6 $6 14. Bxf6 Nxf6 15. g4 $1 g5 $8 16. gxh5 gxh4 17. Qf5+ Nd7 18. Ne4
Kb8 19. Rad1 $16) 14. Rab1 Bb4 15. Ne4 {Due to the forthcoming a3, b4 etc.,
Black's position is difficult.}) (10... Bd6 $5 {Sumets,A} 11. Be3 O-O 12. Qc2
Rad8 13. Rfd1 Ne5 14. Bd4 Be7 15. g4 Bg6 16. Nxg6 hxg6 17. b3 Ned7 $14 {
Black's position is a bit worse.}) 11. Bf4 $1 {A logical way of taking
advantage of the early committment of the queen. Black more or less has to
weaken the f5-square and, although this is less obvious at this point, the
d5-square.} e5 {Sumets,A: 'Certainly he didn't want to weaken the square f5,
but other alternatives weren't very joyful.'} (11... Qb6 {Sumets,A} 12. g4 Bg6
13. Na4 Qb4 14. Nxg6 hxg6 15. b3 $14) (11... Qa5 $5 {Sumets,A} 12. a3 Qa6 13.
b3 (13. b4 $5 Qxc4 14. Rc1 Qa6 15. g4 Bg6 16. Nxg6 hxg6 17. Qb3 O-O 18. Rfd1
$44) 13... h6 (13... O-O $2 14. g4 Bg6 15. Nxg6 hxg6 16. g5 $18) 14. Bd6 (14.
g4 $6 g5 $1) 14... Rd8 15. Bxe7 Kxe7 16. Qc2 g5 17. Nf3 Bg6 18. Qb2 $14) 12.
Bg5 Bg6 {It is hard to choose between the possible positional concessions. One
thing is clear: White will get one form of advantage or another.} (12... h6 13.
Be3 {would leave the h5-bishop in an uncomfortable situation.}) (12... O-O 13.
Nf5 {would most likely force Black to part with the other bishop.}) 13. Nxg6
hxg6 14. Qc2 Nc5 15. Rad1 $14 {White has the bishop pair and the more flexible
structure, allowing him to start long term positional attacks on either wing.}
Ne6 16. Bc1 {This looks too passive.} ({White probably refrained from} 16. Be3
$5 {because of} Bc5 (16... O-O 17. Na4 $14 {[%csl Gc5]}) {but after} 17. Bxc5
Nxc5 18. b4 Ne6 19. b5 {White would get time for his queenside attack.} O-O {
Sumets,A} 20. e3 Nc5 21. bxc6 bxc6 22. Na4 $14) 16... Nd4 17. Qa4 Nd7 18. Rd2
Nc5 $6 (18... Nb6 $5 {[%csl Gc4] deserves to be mentioned.} 19. Qa5 (19. Nd5
Qb8 20. Nxb6 axb6 21. Qd1 Rxa2 $15) 19... O-O-O $5 {It is useful to create the
threat ...Nxc4 as soon as possible. Curiously, the hanging a7-pawn is not so
relevant for the moment, since White is incompletely developed.} (19... O-O {
gives White the time to redevelop.} 20. Rfd1 Rfd8 21. b3 $14) 20. e3 (20. Qxa7
Nxc4 21. Rdd1 Bb4 $11 {[%cal Gc7a5]}) 20... Nxc4 (20... Ne6 21. Rxd8+ Rxd8 22.
Qxa7 Nxc4 23. Qa8+ Qb8 24. Qa4 $14) 21. Qxc7+ Kxc7 22. exd4 Nxd2 23. Bxd2 Rxd4
24. Be3 Rd7 25. h4 $14) (18... Ne6 $1 {Sumets,A The strongest option. I don't
see how White can get any edge here.} 19. Rfd1 Nb6 20. Qb3 Nd4 21. Rxd4 exd4
22. Bf4 Bd6 (22... Qd7 23. Be5 O-O 24. Bxd4 Qe6 25. c5 Qxb3 26. axb3 Nd7 27. b4
$44) 23. Bxd6 Qxd6 24. e3 Qe6 25. Rxd4 O-O 26. c5 Qxb3 27. axb3 Nc8 28. Rd7 Rb8
29. b4 $44) 19. Qd1 a5 $6 {Probably overlooking the simple tactical trick.} (
19... Qb6 20. e3 Nde6 21. Na4 Nxa4 22. Qxa4 Nc5 23. Qc2 O-O 24. b3 a5 25. Bb2
$14 {and Black is not in time with his counterplay based on ...a5-a4.}) 20. e3
Nde6 21. Nd5 $1 cxd5 22. cxd5 {[%csl Gc7,Ge7]} Ng5 ({Maybe it would have been
better to accept a simply unpleasant position with} 22... Qb6 23. dxe6 Qxe6 24.
b3 $14) 23. h4 Qd6 (23... Nh7 24. d6 Bxd6 25. Rxd6 $16) 24. hxg5 Bxg5 25. b3
$16 {The d5-pawn counts almost as an extra pawn.} Nd7 26. a4 O-O 27. Ra2 Nc5
28. Ba3 Be7 29. Rc2 $1 Rac8 30. Qe2 Qb6 31. Rfc1 Bd6 32. Qg4 Qa7 33. Bf3 $1 {
The start of the winning plan. With his pieces busy ensuring the stability of
his queenside, Black cannot defend against the attack along the h-file.} b6 34.
Kg2 $18 Rfe8 35. Rh1 Qe7 36. e4 Nd7 37. Rxc8 Rxc8 38. Qh3 f5 39. Bxd6 (39. Bxd6
Qxd6 40. Qh8+ Kf7 41. Qxc8) 1-0

[Event "POL-ch 63rd+"]
[Site "Krakow"]
[Date "2006.02.28"]
[Round "4"]
[White "Urban, Klaudiusz"]
[Black "Dziuba, Marcin"]
[Result "0-1"]
[WhiteElo "2462"]
[BlackElo "2491"]
[Annotator "Marin,M"]
[PlyCount "78"]
[EventDate "2006.02.25"]
[EventType "tourn"]
[EventRounds "13"]
[EventCountry "POL"]
[EventCategory "12"]
[SourceTitle "CBM 112"]
[Source "ChessBase"]
[SourceDate "2006.06.07"]
[SourceVersion "1"]
[SourceVersionDate "2006.06.07"]
[SourceQuality "1"]

1. Nf3 d5 2. g3 c6 3. Bg2 Bg4 4. c4 e6 5. cxd5 exd5 6. O-O Nf6 7. d3 Be7 8. h3
Bxf3 9. Bxf3 Nbd7 10. Bg2 $5 {By retreating his bishop from the relatively
exposed f3-square, White intends to prepare e4, without fearing the
intermediate move ...Ne5.} d4 $5 $146 {A radical antidote to White's threat.
Black does not fear the opening of the long light diagonal because the c6-pawn
retsricts the enemy bishop quite safely.} (10... O-O 11. e4 {0-1 Panchenko,A 
(2460)-Lempert,I (2455)/Nabereznye Chelny 1993/CBM 037/[Horn,Pe] (52)}) 11. Nd2
a5 12. Nf3 Nc5 13. b3 O-O 14. Bb2 Ne6 {For the time being, it might seem that
White has a comfortable position. Black's advantage of space is not easy to
preserve, while White's structure is rock solid. However, if White will not be
able to open the position somehow, he might simply get crushed in the long run.
} 15. Rc1 Qb6 16. Rc4 Rad8 {[%csl Gd4] The efforst of both sides have been
concentrated around the d4-pawn so far.} 17. Re1 Rfe8 18. a3 c5 19. Rc1 {
From now on, White starts playing passively, failing to understand the
necessity of opening the position for his bishops. He should have found a way
to play e4 at some moment.} ({In fact, this seems to be a good opportunity for
that, for instance} 19. e4 dxe3 20. Rxe3 Nd5 21. Re2 {[%cal Yc4e4,Yf3e5] and
White's piece activity compensates for the minimal structural deffect.}) 19...
Nd5 20. Qc2 Qd6 21. Nd2 b6 22. Qc4 {Also without a concrete plan.} ({Actually,
this is a square for the knight:} 22. Nc4 $5 Qb8 23. Kh2 $5 {[%csl Yg3]} (23.
e4 dxe3 24. Nxe3 Nxe3 25. Rxe3 Nd4 $15) 23... Bf6 24. e4 dxe3 25. fxe3 {
and although Black has a nice position, the weakness of the b6-pawn restricts
his active possibilities.}) 22... Nec7 23. a4 Kh8 24. Nf1 Bg5 25. Rcd1 f5 $15 {
The signal to attack. White is reduced to passivity, while the weakness
induced by the early h3 will soon prove decisive.} 26. Kh1 f4 27. g4 Qh6 28.
Nd2 Bh4 29. Ne4 Nf6 30. Nxf6 Qxf6 31. Kg1 Ne6 32. Bc1 Ng5 33. Bd2 Rd6 34. Qc1
Rf8 35. Qc4 Bxf2+ 36. Kxf2 Nxh3+ 37. Bxh3 Qh4+ 38. Kf3 Qg3+ 39. Ke4 Re8+ 0-1